Procedure handbook of arc welding: Design and practice
Сохранить в:
| Главный автор: | |
|---|---|
| Формат: | |
| Язык: | Undetermined |
| Опубликовано: |
Ohio
Lincoln Electric
1950
|
| Предметы: | |
| Метки: |
Добавить метку
Нет меток, Требуется 1-ая метка записи!
|
| Thư viện lưu trữ: | Trung tâm Học liệu Trường Đại học Cần Thơ |
|---|
| LEADER | 00482nam a2200169Ia 4500 | ||
|---|---|---|---|
| 001 | CTU_11735 | ||
| 008 | 210402s9999 xx 000 0 und d | ||
| 082 | |a 671.521 | ||
| 082 | |b L736 | ||
| 100 | |a The Lincoln Electric | ||
| 245 | 0 | |a Procedure handbook of arc welding: Design and practice | |
| 245 | 4 | |c The Lincoln Electric | |
| 260 | |a Ohio | ||
| 260 | |b Lincoln Electric | ||
| 260 | |c 1950 | ||
| 650 | |a electric welding | ||
| 980 | |a Trung tâm Học liệu Trường Đại học Cần Thơ | ||